000 004300000a22001810004500
003 MACL
005 20160122163318.0
008 160122b xxu||||| |||| 00| 0 eng d
040 _aMACL
_cMACL
041 _aEnglish
082 _a540/SRI
100 _aSrivastava M L
_934165
245 _aChemistry
260 _bRastogi Publications
_c1997
_aMeerut
350 _a148
650 _aChemistry
_934166
942 _cBK
_k540/Sri
_2ddc
999 _c33141
_d33141